Mains de personnages Disney - devine a qui elles appartiennent - Statistiques

Statistiques générales
  • Ce quiz a été pris 153 fois
  • Le résultat moyen est 13 sur 14
Statistiques - réponses
Par images Réponse % Correct
Mickey
99%
Buzz l'éclair
98%
Jasmine
98%
Simba
98%
Elsa
94%
Winnie
94%
Cendrillon
93%
Tiana
90%
Olaf
89%
Woody
89%
Mowgli
84%
Alice
82%
Kuzco
76%
Maui
71%
Aucun quiz correspondant
Distribution des résultats
% des personnes avec chaque résultat
Percentile par nombre de réponses
Votre historique - résultats
Vous n’avez pas pris ce quiz